Größte deutsche Städte - Bilderquiz - Statistiken

Allgemein
  • Dieses Quiz wurde 91 mal gespielt
  • Das Durchschnittsergebnis liegt bei 10 aus 16
Antwortstatistiken
Bildquiz Antwort % Korrekt
Essen
87%
Hamburg
86%
Dresden
83%
Köln
83%
Bremen
71%
Stuttgart
70%
Berlin
68%
Leipzig
67%
Dortmund
66%
Düsseldorf
63%
Frankfurt am Main
61%
Hannover
59%
München
54%
Nürnberg
54%
Duisburg
33%
Bochum
30%
Keine übereinstimmenden Quizze gefunden
Verteilung der Resultate
Anzahl Personen mit jedem Resultat
Perzentil nach korrekt beantworteten Fragen
Ihre Resultats-Entwicklung
Sie haben dieses Quiz noch nicht gespielt